Statistics for Hungarian Uprising

Click here to take the quiz!

General Stats

  • This quiz has been taken 51 times
  • The average score is 8 of 16

Answer Stats

HintAnswer% Correct
Year1956
97%
Soviet leader at this timeNikita Khrushchev
79%
Brutal Hungarian leader before the UprisingMatyas Rakosi
77%
Liberal leader who eventually took powerImre Nagy
74%
Country accused of abandoning HungaryUSA
72%
What the new Hungarian leader wanted to leaveWarsaw Pact
69%
Lack of US involvement reinforced the Soviet ______ of influenceSphere
67%
Countries where anti-Soviet demonstrations beganPoland
64%
Policy of the above denouncing StalinDe-Stalinisation
54%
Number of Hungarians killed20,000
44%
Show of Soviet force strengthened Soviet control of what region?Eastern Europe
44%
Newly appointed leader of Hungary afterwardsJanos Kadar
44%
What was given to other countries that belonged to HungaryLand
21%
Number of Soviet troops sent to quash the Uprising200,000
15%
What was given to other countries that belonged to HungaryResources
13%
Number of imprisonments by Rakosi’s regime387,000
8%

Score Distribution

Percentile by Number Answered

Percent of People with Each Score

Your Score History

You have not taken this quiz